Kaviyaswadhanam (Record no. 22631)

MARC details
000 -LEADER
fixed length control field 00402nam a2200145Ia 4500
008 - FIXED-LENGTH DATA ELEMENTS--GENERAL INFORMATION
fixed length control field 211109s9999||||xx |||||||||||||| ||und||
082 ## - DEWEY DECIMAL CLASSIFICATION NUMBER
Classification number 894.8121
Item number GOV-K
100 ## - MAIN ENTRY--PERSONAL NAME
Personal name Govindan Kutty Nair, Ullattil
245 #0 - TITLE STATEMENT
Title Kaviyaswadhanam
260 ## - PUBLICATION, DISTRIBUTION, ETC.
Name of publisher, distributor, etc. P K Brother
Place of publication, distribution, etc. Kozhikode
Date of publication, distribution, etc. 1956
300 ## - PHYSICAL DESCRIPTION
Extent 133p.
630 ## - SUBJECT ADDED ENTRY--UNIFORM TITLE
General subdivision General Stack
650 ## - SUBJECT ADDED ENTRY--TOPICAL TERM
Topical term or geographic name entry element Malayalam Poetry
942 ## - ADDED ENTRY ELEMENTS (KOHA)
Koha item type BOOK
650 ## - SUBJECT ADDED ENTRY--TOPICAL TERM
Form subdivision Malayalam Literature
General subdivision Generalia
Holdings
Withdrawn status Lost status Damaged status Not for loan Home library Current library Date acquired Cost, normal purchase price Total Checkouts Full call number Barcode Shelving location Date last seen Price effective from Koha item type
        SB LIBRARY SB LIBRARY 09/11/2021 100.00   894.8121 GOV-K 00023376 GENERAL STACK 09/11/2021 09/11/2021 BOOK

Powered by Koha